000
00181 a2200085 4500
020
_a
978-8957705100
100
_a
Lee
245
_a
A-detail architecture vol-1
260
_b
Archi
_c
2014
999
_c
11129
_d
11129